| 000 | 01361nam a22003737a 4500 | ||
|---|---|---|---|
| 003 | CHAP | ||
| 005 | 20220329143253.0 | ||
| 008 | 071120d2006 mx r 00110 spa d | ||
| 010 | _a94230 | ||
| 011 | _a95202 | ||
| 035 | _a105814 | ||
| 040 | _cCHAP | ||
| 090 | _aTesis | ||
| 100 | 1 |
_aLópez Amacende, Oscar. _967655 |
|
| 245 | 1 | 4 |
_aProducción de genotipos de calabacita en respuesta a la densidad con sombra y fertirriego _c/por Oscar López Amacende |
| 260 |
_aCocula, Gro. : _bEl autor, _c2006 |
||
| 300 |
_a37 h. : _bilus. ; gráfs. ; cuadros |
||
| 502 | _aTesis (Ing. Agr. Fitotecnista) -- Colegio Superior Agropecuario del Estado de Guerrero. Centro de Estudios Profesionales | ||
| 590 |
_aALEPH _b10 _c20130110 _lUCH01 _h1521 |
||
| 590 |
_aBATCH-UPD _b10 _c20130110 _lUCH01 _h1633 |
||
| 590 |
_aBATCH-UPD _b10 _c20130410 _lUCH01 _h1025 |
||
| 590 |
_aBATCH-UPD _b10 _c20130914 _lUCH01 _h0815 |
||
| 590 |
_aCONVERSION _b10 _c20130109 _lUCH01 _h1352 |
||
| 650 | 1 | 4 |
_aCalabaza _xEnfermedades. _917269 |
| 650 | 1 | 4 |
_aCalabaza _xGenética. _917274 |
| 650 | 1 | 4 |
_aCalabaza _xRendimiento. _917294 |
| 650 | 1 | 4 |
_aControl de plagas. _927595 |
| 650 | 1 | 4 |
_aFertilización foliar. _940445 |
| 650 | 1 | 4 |
_aFertirrigación. _940652 |
| 901 | _aBK | ||
| 905 | _aElisama A. H. | ||
| 942 | _cTESIS | ||
| 949 |
_aTesis _bBC _cTES _d33724002043347 _eTS1 _gDonaciØn _h47356 _i105814 _sb |
||
| 999 |
_c94230 _d94230 |
||